[Event "GBR-ch U1750 op 105th"]
[Site "Hull"]
[Date "2018.08.03"]
[Round "5"]
[White "Jayawarna, Tarini"]
[Black "Jorna, Adam"]
[Result "0-1"]
[WhiteElo "1457"]
[BlackElo "1630"]
[PlyCount "100"]
[EventDate "2018.07.30"]
[EventType "swiss"]
[EventRounds "5"]
[EventCountry "ENG"]
[SourceTitle "EXT 2021"]
[Source "ChessBase"]
[SourceDate "2020.10.23"]
[SourceVersion "1"]
[SourceVersionDate "2020.10.23"]
[SourceQuality "1"]

1. e4 c5 2. Nf3 d6 3. d4 cxd4 4. Nxd4 Nf6 5. Nc3 a6 6. Bg5 h6 7. Be3 e5 8. Nb3 Be6 9. f3 Be7 10. Be2 Nbd7 11. Qd2 b5 12. 0-0 Nb6 13. Kh1 Nc4 14. Bxc4 Bxc4 15. Rfd1 g5 16. Nc1 Rc8 17. N1e2 Qc7 18. Ng3 Be6 19. Rac1 Rd8 20. Qf2 Qb7 21. b3 b4 22. Na4 d5 23. exd5 Nxd5 24. Bd2 0-0 25. Ne4 Nf4 26. Nac5 Qb5 27. c4 Qb6 28. Nxe6 Qxf2 29. Nxf2 Nxe6 30. Ng4 Nf4 31. Nxe5 Ne2 32. Rc2 Nc3 33. Re1 Bc5 34. Nc6 Rd6 35. Ne7+ Kh7 36. Nf5 Rd7 37. Re5 Rfd8 38. Be1 Rd1 39. g3 Bf8 40. Kg2 f6 41. Re6 Kg6 42. g4 Kf7 43. Re3 Bc5 44. Nxh6+ Kg6 45. Re6 Kxh6 46. Rxf6+ Kg7 47. Rf5 Be3 48. Bxc3+ bxc3 49. Rxc3 Rg1+ 50. Kh3 Rh8# 0-1

[Event "GBR-ch U1750 op 105th"]
[Site "Hull"]
[Date "2018.07.30"]
[Round "1"]
[White "Boury, Ramesh"]
[Black "Jorna, Adam"]
[Result "0-1"]
[WhiteElo "1441"]
[BlackElo "1630"]
[PlyCount "94"]
[EventDate "2018.07.30"]
[EventType "swiss"]
[EventRounds "5"]
[EventCountry "ENG"]
[SourceTitle "EXT 2021"]
[Source "ChessBase"]
[SourceDate "2020.10.23"]
[SourceVersion "1"]
[SourceVersionDate "2020.10.23"]
[SourceQuality "1"]

1. Nf3 Nf6 2. d4 g6 3. Nc3 d5 4. e3 Bg7 5. Be2 0-0 6. 0-0 b6 7. Bd2 Nbd7 8. Bd3 c5 9. Rc1 Rb8 10. Be2 c4 11. b3 b5 12. bxc4 bxc4 13. Rb1 Nb6 14. a4 Bd7 15. Ra1 Qe8 16. a5 Na4 17. Ne5 Nxc3 18. Bxc3 Ne4 19. Be1 Ba4 20. Nf3 Rb2 21. Rc1 Qb5 22. Bd2 Rb8 23. Ne1 Rb1 24. f3 Nxd2 25. Qxd2 Rxc1 26. Qxc1 Qxa5 27. f4 Qc3 28. Bd1 a6 29. Bf3 e6 30. Kf2 Bf8 31. g4 Rb2 32. Bd1 Ra2 33. e4 Ra1 34. Qe3 Qxe3+ 35. Kxe3 Rxd1 36. Ke2 Rb1 37. exd5 exd5 38. Rf3 Bb4 39. c3 Bd1+ 40. Kf2 Bxf3 41. Nxf3 Bxc3 42. f5 a5 43. fxg6 hxg6 44. Ke2 a4 45. Nd2 Bxd2 46. Kxd2 a3 47. Kc2 a2 0-1